Images on Flags - Statistics

General Stats
  • This quiz has been taken 37 times
  • The average score is 9 of 20
Answer Stats
Instances Image Countries % Correct
73 Star Turkey, United States, New Zealand...
100%
16 Bird Albania, Mexico, Egypt...
94%
24 Cross United Kingdom, Georgia, Vatican City...
72%
13 Sun Argentina, Kyrgyzstan, Kazakhstan...
72%
5 Tree Lebanon, Haiti, Belize...
69%
3 Rifle Guatemala, Haiti, Mozambique
66%
6 Blade Saudi Arabia, Oman, Angola...
63%
19 Crescent Turkey, Algeria, Croatia...
56%
5 Water Ecuador, El Salvador, Kiribati...
50%
13 Laurels Cyprus, Belize, Dominican Republic...
47%
4 Lion Spain, Montenegro, Sri Lanka...
47%
14 Shield Spain, Andorra, Kenya...
38%
5 Building Cambodia, Afghanistan, San Marino...
31%
5 Mountain Slovenia, Nicaragua, Ecuador...
31%
8 Crown Spain, Serbia, San Marino...
28%
4 Spear eSwatini, Kenya, Haiti...
22%
5 Flag Afghanistan, Haiti, Brunei...
19%
3 Axe Belize, Ecuador, Haiti
6%
8 Banner San Marino, Equatorial Guinea, Haiti...
6%
3 Pharyngian Cap El Salvador, Haiti, Nicaragua
0%
No matching quizzes found
Score Distribution
Percent of People with Each Score
Percentile by Number Answered
Your Score History
You have not taken this quiz